00848cam a2200241 a 4500003000500000005001700005008004100022010001000063011001000073020001500083035001100098040000900109082001400118111010300132245005600235260014900291300001000440650003900450650002500489650002800514650003000542700003400572CHAP20220329142850.0041013d2002 mx r 10100 spa d a88919 a89891 a9688848441 a100443 cCHAP04a368.4bC500aColoquio Migración, Jornaleros y Seguridad Social en el Medio Rural (d2002 :cChapingo, Méx.)10aMemoriac/por Alejandro del Valle Muñoz (y otros) aChapingo, Méx. :bUACH. Centro de Investigaciones Económicas, Sociales y Tecnológicas de la Agroindustria y la Agricultura Mundial,c2002. a99 p.14aAgriculturaxTrabajadoresxMexico.14aMigración interna.14aSeguridad social rural.14aTrabajadores migratorios.00aValle Muñoz, Alejandro del.